Homotopy theory /

Guardado en:
Autor Principal: Hu, S. T. 1914-
Formato: Libro
Idioma:English
Publicado: New York : Academic Press, 1959.
Series:Pure and applied mathematics ; 8
Etiquetas: Agregar Etiqueta
Sin Etiquetas, Sea el primero en etiquetar este registro!
LEADER 00629cam a22001931a 4500
001 MAT.inmabb002559
008 721227s1959####nyua#####b####001#0#eng##
005 20130311135244.0
245 1 0 |a Homotopy theory /  |c Sze-tsen Hu. 
260 |a New York :  |b Academic Press,  |c 1959. 
300 |a 347 p. :  |b il. ;  |c 24 cm. 
440 0 |a Pure and applied mathematics ;  |v 8 
504 |a Bibliografía: p. 337-341. 
510 4 |a MR,  |c 21 #5186 
100 1 |a Hu, S. T.  |q (Sze-Tsen),  |d 1914- 
084 |a 55Pxx (55Qxx 55Rxx 55Sxx 55Txx)  |2 msc2000 
010 |a  59011526  
040 |a DLC  |c ODaWU  |d OCoLC  |d Uk  |d TxU  |d DLC 
859 |h 55  |i H874  |p A-8222  |b BIB. MATEMATICA